[Event "St Petersburg Chigorin CC-ch"]
[Site "St Petersburg"]
[Date "2005.05.16"]
[Round "1"]
[White "Stotika, Valentin"]
[Black "Shushpanova, Nina Aleksandro"]
[Result "1-0"]
[WhiteElo "2309"]
[BlackElo "2064"]
[PlyCount "83"]
[EventDate "2005.05.16"]
[EventType "swiss"]
[EventRounds "9"]
[EventCountry "RUS"]
[SourceTitle "EXT 2006"]
[Source "ChessBase"]
[SourceDate "2005.11.24"]
[SourceVersion "1"]
[SourceVersionDate "2005.11.24"]
[SourceQuality "1"]

1. d4 d6 2. e4 Nf6 3. Nc3 g6 4. Nf3 Bg7 5. h3 0-0 6. Bg5 c6 7. Qd2 d5 8. Bd3 dxe4 9. Nxe4 Bf5 10. Ng3 Bxd3 11. Qxd3 h6 12. Bd2 c5 13. dxc5 Qxd3 14. cxd3 Rd8 15. Ke2 Nc6 16. b4 Nd5 17. Rab1 a6 18. Rhc1 Rd7 19. a4 Rc8 20. b5 axb5 21. axb5 Nd4+ 22. Nxd4 Bxd4 23. Rc4 e5 24. Rbc1 f5 25. Nf1 g5 26. c6 bxc6 27. Rxc6 Rxc6 28. Rxc6 Kg7 29. Ng3 Ne7 30. Nh5+ Kf7 31. Rf6+ Ke8 32. Rxh6 Rb7 33. Bxg5 Rxb5 34. Re6 Rb2+ 35. Kd1 Kf7 36. Rxe7+ Kg6 37. Bc1 Rxf2 38. g4 f4 39. Rg7+ Kh6 40. Rg8 Rf3 41. Nf6 Rxd3+ 42. Kc2 1-0

[Event "St Petersburg White Nights op"]
[Site "St Petersburg"]
[Date "2001.06.16"]
[Round "8"]
[White "Potkin, Vladimir"]
[Black "Stotika, Valentin"]
[Result "0-1"]
[WhiteElo "2512"]
[BlackElo "2310"]
[PlyCount "114"]
[EventDate "2001.06.09"]
[EventType "swiss"]
[EventRounds "9"]
[EventCountry "RUS"]
[SourceTitle "CBM 082 Extra"]
[Source "ChessBase"]
[SourceDate "2001.07.03"]
[SourceVersion "1"]
[SourceVersionDate "2001.07.03"]
[SourceQuality "1"]

1. e4 c5 2. Nf3 d6 3. Bb5+ Bd7 4. Bxd7+ Qxd7 5. 0-0 Nc6 6. c3 Nf6 7. Re1 e6 8. d4 cxd4 9. cxd4 d5 10. e5 Ng8 11. h4 Nge7 12. h5 h6 13. Nc3 Rg8 14. Qd3 g6 15. hxg6 Rxg6 16. Nh4 Rg4 17. Qh3 Rg8 18. Be3 0-0-0 19. Rac1 Kb8 20. Ne2 Nc8 21. Nf4 Be7 22. Nf3 Nb6 23. Qh5 Bb4 24. Re2 Nc4 25. Nd3 Nxe3 26. fxe3 Bf8 27. Rf1 Qe8 28. Nf4 Ne7 29. Nh4 Rg5 30. Qf3 Nf5 31. Nxf5 Rxf5 32. g4 Rg5 33. Rg2 Rd7 34. Nh5 Rc7 35. Nf6 Qc8 36. Qd1 Be7 37. Nh5 Qg8 38. Qf3 Bd8 39. Kh2 a6 40. Kh3 Qh7 41. Ng3 Rg7 42. e4 Rd7 43. Rd1 Qg6 44. Qf4 Bg5 45. Qf3 Rh7 46. exd5 Rxd5 47. Qe4 Qg8 48. Nh5 Rh8 49. Rf2 Qe8 50. Qf3 Qd8 51. Qe4 Qd7 52. Ng3 Rd8 53. Ne2 Qc7 54. Nc3 R5d7 55. d5 Qc5 56. Qd4 Qxd4 57. Rxd4 Be3 0-1

[Event "St Petersburg White Nights op"]
[Site "St Petersburg"]
[Date "1998.06.22"]
[Round "3"]
[White "Sinkevich, Petr"]
[Black "Stotika, Valentin"]
[Result "1-0"]
[WhiteElo "2215"]
[BlackElo "2330"]
[PlyCount "167"]
[EventDate "1998.06.??"]
[EventType "swiss"]
[EventRounds "9"]
[EventCountry "RUS"]
[SourceTitle "EXT 1999"]
[Source "ChessBase"]
[SourceDate "1998.11.16"]
[SourceVersion "1"]
[SourceVersionDate "1998.11.16"]
[SourceQuality "1"]

1. e4 c5 2. Nf3 d6 3. c3 Nf6 4. Bd3 Nc6 5. Bc2 Bg4 6. d3 g6 7. Nbd2 Bg7 8. h3 Bd7 9. 0-0 0-0 10. Re1 Nh5 11. Nc4 b5 12. Ne3 Qc8 13. Kh2 Rb8 14. a3 a5 15. d4 b4 16. axb4 cxd4 17. cxd4 Nxb4 18. Bb3 Nf4 19. Nd5 Nfxd5 20. exd5 a4 21. Bxa4 Bxa4 22. Rxa4 Nxd5 23. Re2 Rb7 24. Bg5 h6 25. Bh4 g5 26. Ra5 Qf5 27. Bg3 Rc8 28. Qe1 Bf8 29. Qa1 Rbc7 30. Re1 e6 31. b4 Qd3 32. b5 Rb7 33. Ra6 Nb4 34. Rd1 Qxb5 35. Ra5 Qc6 36. Nxg5 hxg5 37. Rxg5+ Bg7 38. d5 Qc3 39. Qxc3 Rxc3 40. dxe6 Rxg3 41. Rxg3 fxe6 42. Rxd6 Re7 43. Re3 Kf7 44. f4 Re8 45. g3 Bf8 46. Rd7+ Be7 47. Re4 Nd5 48. Re5 Rd8 49. Rxd8 Bxd8 50. f5 Nc7 51. fxe6+ Nxe6 52. h4 Bf6 53. Ra5 Nf8 54. Ra7+ Kg6 55. Ra6 Kf7 56. Kh3 Ng6 57. Kg4 Ne7 58. Ra7 Kg6 59. Ra6 Kf7 60. Kh5 Nf5 61. Ra7+ Ke6 62. Kg4 Ne7 63. Kh3 Nf5 64. Rh7 Ng7 65. g4 Kf7 66. Rh6 Ne6 67. Kg3 Ng7 68. Kf3 Ne6 69. Rh5 Ng7 70. Rh6 Ne6 71. Ke4 Kg7 72. Rh5 Kg6 73. Kf3 Ng7 74. Rh8 Ne6 75. h5+ Kg7 76. Ra8 Bg5 77. Ke4 Kf6 78. Ra6 Kf7 79. Kf5 Nc5 80. Ra7+ Be7 81. g5 Nb3 82. g6+ Kf8 83. h6 Nd4+ 84. Ke4 1-0

[Event "St Petersburg-ch"]
[Site "St Petersburg"]
[Date "1997.03.05"]
[Round "2"]
[White "Stotika, Valentin"]
[Black "Taimanov, Mark E"]
[Result "1/2-1/2"]
[WhiteElo "2255"]
[BlackElo "2425"]
[PlyCount "78"]
[EventDate "1997.03.04"]
[EventType "swiss"]
[EventRounds "9"]
[EventCountry "RUS"]
[SourceTitle "CBM 058"]
[Source "ChessBase"]
[SourceDate "1997.06.01"]
[SourceVersion "1"]
[SourceVersionDate "1997.06.01"]
[SourceQuality "1"]

1. d4 Nf6 2. c4 e6 3. Nf3 Bb4+ 4. Nbd2 0-0 5. a3 Bxd2+ 6. Bxd2 d6 7. Qc2 Qe7 8. g3 e5 9. dxe5 dxe5 10. Bg2 Nc6 11. Bc3 Rd8 12. 0-0 Nd4 13. Bxd4 exd4 14. c5 Bg4 15. Rfd1 Bxf3 16. Bxf3 c6 17. Rd2 Rd7 18. Rad1 Rad8 19. Qf5 h6 20. h4 Qe6 21. Qc2 Qe5 22. Qc4 g5 23. hxg5 hxg5 24. b4 Kg7 25. a4 a6 26. b5 axb5 27. axb5 Ne4 28. Bxe4 Qxe4 29. Qd3 Qd5 30. bxc6 bxc6 31. e3 Qxc5 32. exd4 Qd5 33. Qe3 f6 34. f3 Qd6 35. Kg2 Re7 36. Qd3 Qe6 37. Rh1 Rh8 38. Rxh8 Kxh8 39. d5 cxd5 1/2-1/2

[Event "St Petersburg White Nights op"]
[Site "St Petersburg"]
[Date "1997.??.??"]
[Round "?"]
[White "Nepomnishay, Mikhail I"]
[Black "Stotika, Valentin"]
[Result "1/2-1/2"]
[WhiteElo "2465"]
[BlackElo "2255"]
[PlyCount "114"]
[EventDate "1997.??.??"]
[EventType "swiss"]
[EventRounds "9"]
[EventCountry "RUS"]
[SourceTitle "EXT 2000"]
[Source "ChessBase"]
[SourceDate "1999.11.16"]
[SourceVersion "1"]
[SourceVersionDate "1999.11.16"]
[SourceQuality "1"]

1. d4 Nf6 2. c4 e6 3. Nf3 Bb4+ 4. Nbd2 b6 5. a3 Bxd2+ 6. Qxd2 Bb7 7. e3 Ne4 8. Qc2 0-0 9. Be2 d6 10. 0-0 Nd7 11. b4 c5 12. Bb2 f5 13. Rad1 Qe7 14. Ne1 e5 15. Nd3 Rae8 16. dxc5 bxc5 17. f3 Ng5 18. bxc5 dxc5 19. Nf2 Bc6 20. a4 Ne6 21. Rfe1 Nc7 22. a5 Rf6 23. Rd2 Ref8 24. e4 f4 25. Ng4 Re6 26. Qc3 Re8 27. Red1 h5 28. Rxd7 Bxd7 29. Nxe5 Ba4 30. Ra1 Bc6 31. Nd3 Rf8 32. Rd1 Qg5 33. Nf2 Rg6 34. Bf1 Ne6 35. Nh3 Qe7 36. Qe5 Qc7 37. Qxh5 Rh6 38. Qg4 Nd4 39. Nf2 Qd6 40. Bxd4 cxd4 41. Nd3 Qf6 42. e5 Qe7 43. Nxf4 Qxe5 44. Nd5 Bxd5 45. cxd5 Qxh2+ 46. Kf2 Rb8 47. Qxd4 Rh4 48. Qe3 Rh6 49. Qd4 Qd6 50. Bd3 Rh5 51. Re1 Rg5 52. Kg1 Qg3 53. Qf2 Qxf2+ 54. Kxf2 Rb2+ 55. Ke3 Kf8 56. Bc4 Rgxg2 57. Rc1 Rb7 1/2-1/2

[Event "St Petersburg White Nights op"]
[Site "St Petersburg"]
[Date "1997.??.??"]
[Round "?"]
[White "Stotika, Valentin"]
[Black "Kochyev, Alexander"]
[Result "1/2-1/2"]
[WhiteElo "2255"]
[BlackElo "2435"]
[PlyCount "34"]
[EventDate "1997.??.??"]
[EventType "swiss"]
[EventRounds "9"]
[EventCountry "RUS"]
[SourceTitle "EXT 2000"]
[Source "ChessBase"]
[SourceDate "1999.11.16"]
[SourceVersion "1"]
[SourceVersionDate "1999.11.16"]
[SourceQuality "1"]

1. d4 d5 2. Nf3 c6 3. e3 Bg4 4. Be2 e6 5. Ne5 Bxe2 6. Qxe2 Nd7 7. Nxd7 Qxd7 8. c4 dxc4 9. Qxc4 Qd5 10. Qxd5 exd5 11. Nc3 Nf6 12. Bd2 Bd6 13. 0-0 0-0 14. f3 Rfe8 15. Rac1 Re6 16. Rfe1 Rae8 17. Nd1 Nd7 1/2-1/2

[Event "St Petersburg White Nights op"]
[Site "St Petersburg"]
[Date "1997.??.??"]
[Round "?"]
[White "Stotika, Valentin"]
[Black "Petrov, Anton"]
[Result "0-1"]
[WhiteElo "2255"]
[BlackElo "2375"]
[PlyCount "114"]
[EventDate "1997.??.??"]
[EventType "swiss"]
[EventRounds "9"]
[EventCountry "RUS"]
[SourceTitle "EXT 2000"]
[Source "ChessBase"]
[SourceDate "1999.11.16"]
[SourceVersion "1"]
[SourceVersionDate "1999.11.16"]
[SourceQuality "1"]

1. d4 Nf6 2. c4 e6 3. Nf3 b6 4. g3 Bb7 5. Bg2 Be7 6. 0-0 0-0 7. Nc3 Ne4 8. Qc2 Nxc3 9. Qxc3 d6 10. Qc2 f5 11. d5 e5 12. e4 g6 13. Bh6 Rf7 14. Qd2 Nd7 15. Bh3 Nf8 16. Bg5 f4 17. Bh6 Bc8 18. Bxc8 Qxc8 19. Bxf8 Qxf8 20. Kg2 g5 21. g4 h5 22. h3 hxg4 23. hxg4 Qc8 24. Nh2 f3+ 25. Kg3 Rf4 26. Rfe1 Qf8 27. Rh1 Rxe4 28. Nxf3 Rf4 29. Qe3 Qg7 30. Nd2 e4 31. Kg2 Raf8 32. Nxe4 Qxb2 33. Raf1 Rxg4+ 34. Ng3 Qe5 35. Qd3 Qg7 36. Qe2 Rh4 37. Re1 Qf7 38. Rxh4 gxh4 39. Nh5 Bg5 40. Rf1 Kh7 41. f4 Bd8 42. f5 Rg8+ 43. Kh2 Rg5 44. Nf4 Rxf5 45. Qe4 Kh6 46. Kh3 Bg5 47. Qe6+ Qf6 48. Kg4 Qxe6 49. dxe6 Rf8 50. e7 Bxe7 51. Re1 Rg8+ 52. Kf3 Bf6 53. Re6 Kg5 54. Nd5 Be5 55. Re7 h3 56. Rh7 Rf8+ 57. Ke2 h2 0-1

[Event "St Petersburg-ch op"]
[Site "St Petersburg"]
[Date "1992.??.??"]
[Round "?"]
[White "Stotika, Valentin"]
[Black "Novik, Maxim"]
[Result "1/2-1/2"]
[WhiteElo "2225"]
[BlackElo "2420"]
[PlyCount "80"]
[EventDate "1992.??.??"]
[EventType "swiss"]
[EventRounds "11"]
[EventCountry "RUS"]
[SourceTitle "CBM 028 Extra"]
[Source "ChessBase"]
[SourceDate "1992.07.01"]
[SourceVersion "1"]
[SourceVersionDate "1992.07.01"]
[SourceQuality "1"]

1. d4 Nf6 2. c4 g6 3. g3 Bg7 4. Bg2 0-0 5. e4 d6 6. Ne2 e5 7. 0-0 Nbd7 8. d5 Nh5 9. Nec3 a6 10. Na3 Qe8 11. Bf3 f5 12. exf5 e4 13. Nxe4 Ne5 14. Bxh5 gxh5 15. f4 Bxf5 16. Nf2 Ng4 17. Nc2 Nxf2 18. Rxf2 Bxc2 19. Qxc2 Bd4 20. Kg2 Bxf2 21. Kxf2 Qg6 22. Qc3 Rae8 23. Bd2 Re4 24. Be3 Rfe8 25. Re1 Qf5 26. Re2 Kf7 27. Ke1 Qd7 28. b3 Qg4 29. Kd2 Qf3 30. Qd3 Qf1 31. a4 Qa1 32. Kc2 Qa3 33. Kb1 b5 34. cxb5 axb5 35. Bd4 Rxd4 36. Qxh7+ Kf6 37. Qh6+ Kf7 38. Qxh5+ Kg7 39. Qg4+ Kh6 40. Qh3+ Kg6 1/2-1/2

[Event "Leningrad-ch"]
[Site "Leningrad"]
[Date "1990.??.??"]
[Round "?"]
[White "Solozhenkin, Evgeniy"]
[Black "Stotika, Valentin"]
[Result "1-0"]
[WhiteElo "2420"]
[BlackElo "2225"]
[PlyCount "150"]
[EventDate "1990.??.??"]
[EventType "tourn"]
[EventRounds "15"]
[EventCountry "URS"]
[SourceTitle "EXT 2000"]
[Source "ChessBase"]
[SourceDate "1999.11.16"]
[SourceVersion "1"]
[SourceVersionDate "1999.11.16"]
[SourceQuality "1"]

1. d4 Nf6 2. c4 g6 3. Nc3 Bg7 4. e4 d6 5. Be2 0-0 6. Nf3 e5 7. Be3 Ng4 8. Bg5 f6 9. Bh4 Qe8 10. h3 Nh6 11. dxe5 dxe5 12. Qb3 c5 13. Nd5 Rf7 14. Qa3 Na6 15. 0-0 Be6 16. Rfd1 Kh8 17. Rd2 Ng8 18. Rad1 Ne7 19. Nxe7 Rxe7 20. Qa5 Rd7 21. Rxd7 Bxd7 22. Nh2 Be6 23. Nf1 Qf8 24. a3 Bh6 25. b3 Qe7 26. Bg4 Bxg4 27. hxg4 Rc8 28. Rd3 Bf4 29. f3 Kg7 30. Bf2 Rc7 31. Ne3 Bxe3 32. Bxe3 g5 33. Rd5 Rc8 34. Qd2 Rc7 35. Rd8 b6 36. Qd5 Qf7 37. Kf2 Re7 38. Ra8 Qxd5 39. exd5 Rb7 40. Rd8 Nb8 41. b4 Nd7 42. bxc5 bxc5 43. Rc8 Kf7 44. Bxc5 Rb2+ 45. Kg1 a5 46. Rc7 Ke8 47. Rc8+ Kf7 48. Rc7 Ke8 49. Bf2 Rb1+ 50. Kh2 Rd1 51. Rc8+ Kf7 52. c5 Rxd5 53. c6 Ke6 54. cxd7 Kxd7 55. Ra8 e4 56. fxe4 Re5 57. Kg3 Rb5 58. Bd4 Rb3+ 59. Kh2 Rxa3 60. Bxf6 Ra4 61. Bxg5 Rxe4 62. Rxa5 Rxg4 63. Kh3 Rc4 64. Ra7+ Ke6 65. Rxh7 Kf5 66. Bd2 Rd4 67. Rf7+ Kg6 68. Rf2 Ra4 69. Bf4 Kf5 70. g3 Ra1 71. Re2 Rh1+ 72. Kg2 Rb1 73. Re5+ Kf6 74. Kf3 Rb7 75. Ra5 Rb6 1-0

[Event "Leningrad Trade Unions-ch"]
[Site "Leningrad"]
[Date "1989.01.??"]
[Round "?"]
[White "Martynov, Pavel"]
[Black "Stotika, Valentin"]
[Result "1-0"]
[WhiteElo "2380"]
[BlackElo "2225"]
[PlyCount "63"]
[EventDate "1989.01.??"]
[EventType "tourn"]
[EventRounds "12"]
[EventCountry "URS"]
[SourceTitle "EXT 2015"]
[Source "ChessBase"]
[SourceDate "2014.11.20"]
[SourceVersion "1"]
[SourceVersionDate "2014.11.20"]
[SourceQuality "1"]

1. d4 Nf6 2. c4 e6 3. Nc3 Bb4 4. e3 c5 5. Bd3 Nc6 6. Nge2 d6 7. 0-0 Bxc3 8. bxc3 e5 9. e4 Qe7 10. d5 Nb8 11. Ng3 0-0 12. h3 Ne8 13. f4 f6 14. h4 Nd7 15. Nf5 Qf7 16. Bc2 Kh8 17. h5 Nb6 18. Nh4 exf4 19. Bxf4 Nxc4 20. e5 fxe5 21. Ng6+ Kg8 22. Nxf8 exf4 23. Nxh7 Ne3 24. Bg6 Qxd5 25. Qxd5+ Nxd5 26. c4 Ndf6 27. Nxf6+ Nxf6 28. Rxf4 b5 29. cxb5 Rb8 30. a4 Be6 31. h6 Bb3 32. Re1 1-0